000 00392nam a22001337a 4500
082 _aBEE-2 YAS
100 _aYasir Qureshi
_993222
245 _aSmart power telemetry
260 _aIslamabad
_bNUST-SEECS
_c2014
500 _aSupervisor: Dr. Touseef Touqeer
700 _aYasir Qureshi, Arif Ullah
_993223
856 _uhttp://10.250.8.41:8080/xmlui/handle/123456789/9721
942 _cPR
_2ddc
999 _c489716
_d489716